Statistics for Click To Translate: Galician - Ologies

Click here to take the quiz!

General Stats

  • This quiz has been taken 7 times
  • The average score is 34 of 50

Answer Stats

HintAnswer% Correct
GastroenterologyGastroenteroloxía
83%
NephrologyNefroloxía
83%
OsteologyOsteoloxía
83%
TechnologyTecnoloxía
83%
AnthropologyAntropoloxía
67%
ArcticologyArcticoloxía
67%
ArchaeologyArqueoloxía
67%
AstrologyAstroloxía
67%
BacteriologyBacterioloxía
67%
BiologyBioloxía
67%
CardiologyCardioloxía
67%
ClimatologyClimatoloxía
67%
CosmetologyCosmetoloxía
67%
CryptologyCriptoloxía
67%
DendrologyDendroloxía
67%
DermatologyDermatoloxía
67%
EcologyEcoloxía
67%
EndocrinologyEndocrinoloxía
67%
EtymologyEtimoloxía
67%
EthnologyEtnoloxía
67%
PhonologyFonoloxía
67%
HematologyHematoloxía
67%
HerpetologyHerpetoloxía
67%
HydrologyHidroloxía
67%
IchthyologyIctioloxía
67%
IdeologyIdeoloxía
67%
LexicologyLexicoloxía
67%
MeteorologyMeteoroloxía
67%
MetrologyMetroloxía
67%
MycologyMicoloxía
67%
MicrobiologyMicrobioloxía
67%
MusicologyMusicoloxía
67%
NeurobiologyNeurobioloxía
67%
NeurologyNeuroloxía
67%
PaleontologyPaleontoloxía
67%
PetrologyPetroloxía
67%
ProtistologyProstoloxía
67%
ProtozoologyProtozooloxía
67%
PsychologyPsicoloxía
67%
SeismologySismoloxía
67%
TheologyTeoloxía
67%
TerminologyTerminoloxía
67%
UfologyUfoloxía
67%
UrologyUroloxía
67%
VirologyViroloxía
67%
VolcanologyVulcanoloxía
67%
GeologyXeoloxía
67%
ZoologyZooloxía
67%
PhysiologyFisioloxía
50%
MyologyMioloxía
50%

Score Distribution

Percentile by Number Answered

Percent of People with Each Score

Your Score History

You have not taken this quiz